| 000 | 00342nam a2200133Ia 4500 | ||
|---|---|---|---|
| 008 | 240624s9999 xx 000 0 und d | ||
| 041 | _aeng | ||
| 082 | _a332.63 PRA | ||
| 100 | _aPRASAD G B R K | ||
| 245 | _aHOW TO CHOOSE WINNING STOCKS REWRITING F | ||
| 260 |
_c2010 _aNew Delhi _bSage Publications |
||
| 300 | _a144 : p. | ||
| 365 |
_cRS _b34 |
||
| 999 |
_c15631 _d15631 |
||